La Prendo - Bad Gyal - Estadísticas

Estadísticas generales
  • Esta prueba ha sido intentada 12 veces
  • La puntuación promedio es 185 de 257
Estadísticas de respuestas
Letra Respuesta % Correcto
a
100%
de
100%
'e
100%
la
100%
La
100%
lo
100%
me
100%
Me
100%
o
100%
prendo
100%
que
100%
si
100%
soy
100%
Te
100%
tu
100%
y
100%
| Intro Yo
100%
yo
100%
el
91%
los
91%
va
91%
con
82%
Controla
82%
Coro
82%
fumar
82%
gato
82%
Le
82%
le
82%
Loquita
82%
mato
82%
Nene
82%
paso
82%
pego
82%
quiere'
82%
Quiere
82%
quiere
82%
Quiero
82%
un
82%
adentro
73%
botellas
73%
capo'
73%
como
73%
desacatar
73%
mata
73%
rato
73%
suave
73%
tiene
73%
tienes
73%
To'
73%
una
73%
violento
73%
matar
64%
muevo
64%
quemamo'
64%
Sabe
64%
aunque
55%
gusta
55%
loca
55%
mala
55%
mi
55%
no
55%
pero
55%
quieres
55%
Salimos
55%
chin
45%
chingar?
45%
del
45%
está
45%
fina
45%
flow
45%
loco
45%
nena
45%
se
45%
Traen
45%
ASAP
36%
duro
36%
este
36%
Europea
36%
gym
36%
popi
36%
Rocky
36%
Ropa
36%
ropa
36%
siempre
36%
Toki
36%
al
27%
bin
27%
culo
27%
darme
27%
dembow
27%
Después
27%
ladrona
27%
mundo
27%
Peri'
27%
Barcelona
18%
blin
18%
clean
18%
cuando
18%
dejo
18%
pegue
18%
pelo
18%
quito
18%
robo
18%
show
18%
Dom
9%
llego
9%
monto
9%
pide
9%
bajó
0%
club
0%
jockey
0%
¿Qué
0%
sofoca
0%
No se encontraron pruebas coincidentes
Distribución de puntuación
Porcentaje de gente con cada puntuación
Porcentaje por número respondido
Historial de tus puntuaciones
No has intentado esta prueba.